Základy práva životného prostredia.

Subjekty starostlivosti o životné prostredie - právnické a fyzické osoby (korporácie, nadácie a verejné fondy). Štát ako verejnoprávna územná korporácia a obce v starostlivosti o životné prostredie, časti zákonov, ktoré vymedzujú ich kompetencie a úlohy. Zriadenie a kompetencie špeciálnych orgánov š...

Ausführliche Beschreibung

Gespeichert in:
Bibliographische Detailangaben
1. Verfasser: Klementová, S.
Format: Buchkapitel
Sprache:Slowakisch
Schlagworte:
Tags: Tag hinzufügen
Keine Tags, Fügen Sie das erste Tag hinzu!

MARC

LEADER 00000naa a2200000 4500
001 r010537
005 20220831085657.6
041 0 |a slo 
044 |a [CS] 
245 1 0 |a Základy práva životného prostredia.  |c S. Klementová 
520 |a Subjekty starostlivosti o životné prostredie - právnické a fyzické osoby (korporácie, nadácie a verejné fondy). Štát ako verejnoprávna územná korporácia a obce v starostlivosti o životné prostredie, časti zákonov, ktoré vymedzujú ich kompetencie a úlohy. Zriadenie a kompetencie špeciálnych orgánov štátnej správy pre životné prostredie stanovené v zákonoch. 
610 2 0 |a ochrana prostredia životného 
610 2 0 |a prostredie životné 
610 2 0 |a predpisy právne 
610 2 0 |a ČSFR 
610 2 0 |a Slovensko 
610 2 0 |a zákony 
610 2 0 |a štát 
610 2 0 |a obce 
610 2 0 |a správa štátna 
100 1 |a Klementová, S.